| 000 | 00633nam a22002177a 4500 | ||
|---|---|---|---|
| 003 | OSt | ||
| 005 | 20140310182944.0 | ||
| 008 | 130205t xxu||||| |||| 00| 0 eng d | ||
| 020 | _a9715425414 (v. 2) | ||
| 050 |
_aPL6164.8 _b.H632 2007 |
||
| 082 |
_aFIL 899.210301089 _bH632 2007 |
||
| 245 |
_aThe Children's hour _bstories on childhood _cHidalgo, Cristina Pantoja |
||
| 250 | _aUP Jubilee student ed. | ||
| 260 |
_aQuezon City _bUniversity of the Philippines Press _cc2007 |
||
| 300 |
_a142 p. _c21 cm. |
||
| 521 | _acollege students | ||
| 526 | _c1210L-1700L | ||
| 541 | _j1 | ||
| 562 | _e1 | ||
| 942 |
_2lcc _cBK _kFIL |
||
| 999 |
_c17774 _d17774 |
||